Giáo trình trồng trọt đại cương

Để giúp sinh viên, độc giả trong ngành nông nghiệp (ngoài chuyên ngành khoa học cây trồng) có thể hiểu rõ hơn những nội dung có liên quan đến các thay đổi trên, giáo trình Trồng trọt đại cương sẽ cung cấp các kiến thức cơ bản về khí hậu, đa...

Ausführliche Beschreibung

Gespeichert in:
Bibliographische Detailangaben
1. Verfasser: Lê, Thanh Phong
Format: Buch
Sprache:Undetermined
Veröffentlicht: Cần Thơ Nxb. Đại học Cần Thơ 2020
Schlagworte:
Tags: Tag hinzufügen
Keine Tags, Fügen Sie den ersten Tag hinzu!
Thư viện lưu trữ: Trung tâm Học liệu Trường Đại học Cần Thơ
LEADER 01083nam a2200217Ia 4500
001 CTU_232697
008 210402s9999 xx 000 0 und d
020 |c 50000 
082 |a 631 
082 |b Ph431 
100 |a Lê, Thanh Phong 
245 0 |a Giáo trình trồng trọt đại cương 
245 0 |c Lê Thanh Phong (chủ biên), Lê Vĩnh Thúc 
260 |a Cần Thơ 
260 |b Nxb. Đại học Cần Thơ 
260 |c 2020 
520 |a Để giúp sinh viên, độc giả trong ngành nông nghiệp (ngoài chuyên ngành khoa học cây trồng) có thể hiểu rõ hơn những nội dung có liên quan đến các thay đổi trên, giáo trình Trồng trọt đại cương sẽ cung cấp các kiến thức cơ bản về khí hậu, đất, nước, dinh dưỡng, chọn giống, làm đất và gieo trồng và sâu bệnh. 
650 |a Agriculture 
904 |i Minh 
910 |a Tuyến 
980 |a Trung tâm Học liệu Trường Đại học Cần Thơ